000 00215 a2200097 4500
001 30835
100 _aMason, P
245 _aCommon Sense About Race
260 _aLondon
_bVictor Collancz
_c
090 _c20732
_d20732
942 _aNUST-CAE
_cM
_c11928
999 _c265908
_d265908